MARC

LEADER 00000nam0a2200000 4500
001 353509
005 20231102010611.0
035 |a (RuTPU)RU\TPU\retro\10766 
035 |a RU\TPU\retro\10750 
090 |a 353509 
100 |a 20200512d1972 k y0rusy50 ca 
101 0 |a rus 
102 |a RU 
105 |a a z 001zy 
200 1 |a Вопросы палеогеографии, вулканизма и металлогении позднего докембрия и палеозоя юга Средней Сибири  |e [сборник]  |f Сибирский научно-исследовательский институт геологии, геофизики и минерального сырья (СНИИГГиМС) ; отв. ред. Д. К. Балицкий 
210 |a Красноярск  |c Красноярское книжное издательство  |d 1972 
215 |a 158 с.  |c ил. 
225 1 |a Труды Сибирского научно-исследовательского института геологии, геофизики и минерального сырья (СНИИГГиМС)  |v Вып. 122 
320 |a Библиогр. в конце ст. 
606 1 |a Палеогеография  |2 stltpush  |3 (RuTPU)RU\TPU\subj\47964  |9 66847 
606 1 |a Вулканизм  |2 stltpush  |3 (RuTPU)RU\TPU\subj\3799  |9 32148 
606 1 |a Металлогения  |2 stltpush  |3 (RuTPU)RU\TPU\subj\42411  |9 62078 
610 1 |a Сибирь 
610 1 |a поздний докембрий 
610 1 |a палеозой 
610 1 |a Саяно-Алтайская складчатая область 
610 1 |a кремневые породы 
610 1 |a Кузнецкий Алатау 
610 1 |a Саяны 
610 1 |a стратиграфия 
610 1 |a железорудные породы 
610 1 |a золото-рудные породы 
610 1 |a каменноугольные отложения 
610 1 |a бокситоносность 
610 1 |a Сибирская платформа 
675 |a 551.8  |v 3 
675 |a 551.21  |v 3 
675 |a 553.078  |v 3 
702 1 |a Балицкий  |b Д. К.  |4 340 
712 0 2 |a Сибирский научно-исследовательский институт геологии, геофизики и минерального сырья (СНИИГГиМС)  |c (Новосибирск)  |2 stltpush  |3 (RuTPU)RU\TPU\col\322 
801 1 |a RU  |b 63413507  |c 20150310 
801 2 |a RU  |b 63413507  |c 20200512  |g RCR 
942 |c BK